| 000 | 00383nam a22001697a 4500 | ||
|---|---|---|---|
| 005 | 20160528105053.0 | ||
| 008 | 160528b xxu||||| |||| 00| 0 eng d | ||
| 020 | _a981-240-366-3 | ||
| 041 | _aeng | ||
| 082 | _b5702 | ||
| 100 |
_aCzinketa, Kolake _91430 |
||
| 245 | _aMarketing Management | ||
| 260 |
_bThomson _c2002 |
||
| 300 | _a580 | ||
| 650 |
_aManagement _9241 |
||
| 942 | _cBK | ||
| 999 |
_c2025 _d2024 |
||